Política nacional de bosques naturales - Propuesta. (Registro nro. 20896)

Detalles MARC
000 -CABECERA
Campo de control 00785nam a22002177a 4500
005 - FECHA Y HORA DE LA ULTIMA TRANSACCION
Campo de control 20200305094703.0
008 - ELEMENTOS DE LONGITUD FIJA—INFORMACION GENERAL
Campo de control 200304b xxu||||| |||| 00| 0 spa d
040 ## - FUENTE DE CATALOGACIÓN
Agencia catalogadora original CO-BoIAVH
Agencia transcriptora CO-BoIAVH
041 ## - IDIOMA
Código de idioma para texto/pista de sonido o título separado Español
044 ## - PAÍS DE PUBLICACIÓN
País de publicación Colombia
110 ## - ASIENTO PRINCIPAL--NOMBRE CORPORATIVO
9 (RLIN) 164
Nombre corporativo o de jurisdicción como elemento de entrada Ministerio de Ambiente y Desarrollo Sostenible
245 ## - MENCION DE TITULO
Título Política nacional de bosques naturales - Propuesta.
Parte restante del título Sistema de bosques integrados privados y públicos en el alto río Quindío.
260 ## - PUBLICACION, DISTRIBUCION, ETC. (PIE DE IMPRENTA)
Lugar de publicación, distribución, etc. s.l.:
Nombre del editor, distribuidor, etc. Ministerio de Ambiente y Desarrollo Sostenible,
Fecha de publicación, distribución, etc. s.f.
300 ## - DESCRIPCION FISICA
Extensión 44 Páginas:
Dimensiones 28 x 22 cm.
650 #0 - ASIENTO SECUNDARIO DE MATERIA - TERMINO TEMATICO
9 (RLIN) 23125
Término temático o nombre geográfico como elemento de entrada Bosques naturales
650 #0 - ASIENTO SECUNDARIO DE MATERIA - TERMINO TEMATICO
9 (RLIN) 7716
Término temático o nombre geográfico como elemento de entrada Cambio climático
650 #0 - ASIENTO SECUNDARIO DE MATERIA - TERMINO TEMATICO
9 (RLIN) 3919
Término temático o nombre geográfico como elemento de entrada Ecosistemas forestales
650 #0 - ASIENTO SECUNDARIO DE MATERIA - TERMINO TEMATICO
9 (RLIN) 5792
Término temático o nombre geográfico como elemento de entrada Normatividad ambiental
650 #0 - ASIENTO SECUNDARIO DE MATERIA - TERMINO TEMATICO
9 (RLIN) 41455
Término temático o nombre geográfico como elemento de entrada Grupos etnicos
942 ## - ELEMENTOS ADICIONALES (KOHA)
Sistema de clasificación Dewey Decimal Classification
Tipo de ítem Libro
Existencias
Withdrawn status Lost status Sistema de Clasificación Damaged status No para préstamo Colección Ubicación Permanente Ubicación actual Fecha de adquisición Total Checkouts Número topográfico Inventario / Código de Barras Date last seen Ejemplar Price effective from Forma de adquisición Tipo de material Public note
    Dewey Decimal Classification     General Bogotá Bogotá 04/03/2020   LB-5924 044240 04/03/2020 Ej.1 04/03/2020 Donación Informe Técnico Solo préstamo en sala